书目信息 |
| 题名: |
钢结构工程施工图实例图集
|
|
| 作者: | 李星荣 著 | |
| 分册: | ||
| 出版信息: | 北京 机械工业出版社 2006.01 |
|
| 页数: | 194页 | |
| 开本: | 30×42cm | |
| 丛书名: | ||
| 单 册: | ||
| 中图分类: | TU758.11-64 | |
| 科图分类: | ||
| 主题词: | 钢结构--gang jie gou--建筑工程--工程施工--图集 | |
| 电子资源: | ||
| ISBN: | 7-111-17441-0 | |
| 000 | 00934nam0 2200229 450 | |
| 001 | 012006807468 | |
| 005 | 20160503143044.14 | |
| 010 | @a7-111-17441-0@dCNY68.00 (含光盘) | |
| 100 | @a20060303d2006 km y0chiy0120 ea | |
| 101 | 0 | @achi |
| 102 | @aCN@b110000 | |
| 105 | @aa z 000yy | |
| 200 | 1 | @a钢结构工程施工图实例图集@Agang jie gou gong cheng shi gong tu shi li tu ji@f李星荣著@Fli xing rong zhu |
| 210 | @a北京@c机械工业出版社@d2006.01 | |
| 215 | @a194页@c图@d30×42cm@e光盘1片 | |
| 307 | @a光盘 ISBN : 7-89492-593-4 | |
| 330 | @a本图集由从事建筑结构设计40余年的高级工程师编写,精选了16个钢结构工程实例,包括高层建筑、多层建筑、厂房建筑、特殊建筑等类型工程。书中具体内容有:设计重点说明、工程概况、结构设计说明、结构详图等。 | |
| 606 | 0 | @a钢结构@Agang jie gou@x建筑工程@x工程施工@j图集 |
| 690 | @aTU758.11-64@v4 | |
| 701 | 0 | @a李星荣@Ali xing rong@4著 |
| 801 | 0 | @aCN@bQSSK@c20060606 |
| 905 | @a10447@dTU758.11-64@eL305 | |
| 钢结构工程施工图实例图集/李星荣著.-北京:机械工业出版社,2006.01 |
| 194页:图;30×42cm+光盘1片 |
| ISBN 7-111-17441-0:CNY68.00 (含光盘) |
| 本图集由从事建筑结构设计40余年的高级工程师编写,精选了16个钢结构工程实例,包括高层建筑、多层建筑、厂房建筑、特殊建筑等类型工程。书中具体内容有:设计重点说明、工程概况、结构设计说明、结构详图等。 |
| ● |
| 相关链接 |
|
|
|
正题名:钢结构工程施工图实例图集
索取号:TU758.11-64/L305
 
预约/预借
| 序号 | 登录号 | 条形码 | 馆藏地/架位号 | 状态 | 备注 |
| 1 | 1237905 | 212379059 | 管理学院资料室/ [索取号:TU758.11-64/L305] | 在馆 | |
| 2 | 553491 | 205534910 | 建筑库201/201建筑库 103排1列2层/ [索取号:TU758.11-64/L305] | 在馆 | |
| 3 | 553492 | 205534929 | 管理学院资料室/101建筑库 68排3列2层/ [索取号:TU758.11-64/L305] | 在馆 | |
| 4 | 553493 | 205534938 | 建筑库201/201建筑库 103排1列2层/ [索取号:TU758.11-64/L305] | 在馆 | |
| 5 | 608069 | 206080694 | 建筑库201/201建筑库 103排1列2层/ [索取号:TU758.11-64/L305] | 在馆 | |
| 6 | 608070 | 206080701 | 管理学院资料室/101建筑库 68排3列2层/ [索取号:TU758.11-64/L305] | 在馆 |